[Event "Mallorca-chT Preferente"]
[Site "Mallorca"]
[Date "2021.03.06"]
[Round "1"]
[White "Torres Tur, Juan"]
[Black "Tyomkin, Dimitri"]
[Result "0-1"]
[WhiteElo "2019"]
[BlackElo "2431"]
[PlyCount "68"]
[EventDate "2021.03.06"]
[EventType "team-swiss"]
[EventRounds "7"]
[EventCountry "ESP"]
[SourceTitle "EXT 2023"]
[Source "ChessBase"]
[SourceDate "2022.10.05"]
[SourceVersion "1"]
[SourceVersionDate "2022.10.05"]
[SourceQuality "1"]
[WhiteTeam "Tropic"]
[BlackTeam "Sa Dragonera"]
[WhiteTeamCountry "ESP"]
[BlackTeamCountry "ESP"]

1. d4 Nf6 2. c4 g6 3. Nc3 d5 4. Bg5 Ne4 5. Nxe4 dxe4 6. e3 Bg7 7. Qd2 c5 8. d5 h6 9. Bh4 Qb6 10. Rb1 Nd7 11. f3 g5 12. Bg3 Nf6 13. Be5 Bf5 14. Rd1 Bg6 15. Ne2 exf3 16. gxf3 Ne4 17. fxe4 Bxe5 18. Nc3 0-0 19. Bd3 Qf6 20. Rf1 Qd6 21. Rf2 a6 22. a4 f6 23. Kf1 Rf7 24. Kg1 Raf8 25. Rdf1 Rg7 26. Ne2 h5 27. Rg2 h4 28. Kh1 Be8 29. b3 Qd7 30. Ng1 Kf7 31. Be2 g4 32. Qd1 Rfg8 33. h3 gxh3 34. Rxg7+ Rxg7 0-1

[Event "Mallorca-chT Preferente"]
[Site "Mallorca"]
[Date "2016.03.12"]
[Round "5.1"]
[White "Ponce Cano, Adrian"]
[Black "Tyomkin, Dimitri"]
[Result "1/2-1/2"]
[WhiteElo "2141"]
[BlackElo "2462"]
[PlyCount "28"]
[EventDate "2016.03.01"]
[EventType "team-tourn"]
[EventRounds "9"]
[EventCountry "ESP"]
[SourceTitle "EXT 2024"]
[Source "ChessBase"]
[SourceDate "2023.10.10"]
[SourceVersion "1"]
[SourceVersionDate "2023.10.10"]
[SourceQuality "1"]
[WhiteTeam "La Balanguera"]
[BlackTeam "Can Tiu Alaro Dragonera"]
[WhiteTeamCountry "ESP"]
[BlackTeamCountry "ESP"]

1. e4 c5 2. Nf3 Nc6 3. c3 d5 4. exd5 Qxd5 5. Na3 Nf6 6. Bc4 Qd8 7. 0-0 e6 8. Nc2 Be7 9. d4 0-0 10. Be3 b6 11. Qe2 Qc7 12. Bd3 Bb7 13. Bg5 Rad8 14. Rad1 cxd4 1/2-1/2

[Event "Mallorca-chT Preferente"]
[Site "Palma de Mallorca"]
[Date "2012.03.31"]
[Round "9.4"]
[White "Martinez Gonzalez, Alejandro Santiago"]
[Black "Tyomkin, Dimitri"]
[Result "1/2-1/2"]
[WhiteElo "2356"]
[BlackElo "2498"]
[PlyCount "115"]
[EventDate "2012.01.28"]
[EventType "team"]
[EventRounds "9"]
[EventCountry "ESP"]
[SourceTitle "EXT 2014"]
[Source "ChessBase"]
[SourceDate "2013.11.20"]
[SourceVersion "1"]
[SourceVersionDate "2013.11.20"]
[SourceQuality "1"]
[WhiteTeam "Agora Megaescacs"]
[BlackTeam "Sa Dragonera"]
[WhiteTeamCountry "ESP"]
[BlackTeamCountry "ESP"]

1. d4 Nf6 2. Nf3 g6 3. Bg5 Bg7 4. Nbd2 0-0 5. c3 d6 6. h3 c5 7. e3 Nc6 8. Be2 b6 9. 0-0 Bb7 10. a4 Qc7 11. Qb1 e5 12. dxe5 dxe5 13. Nc4 a6 14. Rd1 Bc8 15. e4 h6 16. Be3 Rb8 17. b4 cxb4 18. cxb4 Nh5 19. Nd6 Nf4 20. Bc4 Be6 21. Bxa6 Rfd8 22. Nb5 Rxd1+ 23. Qxd1 Qe7 24. Qd6 Qxd6 25. Nxd6 Nxb4 26. Bf1 Nfd3 27. Bxd3 Nxd3 28. Rb1 Bf8 29. Nb5 Nc5 30. Bxc5 Bxc5 31. Nc7 Rd8 32. Nxe6 fxe6 33. Rc1 Ra8 34. Rc4 Rd8 35. Kf1 Rd1+ 36. Ke2 Ra1 37. Nxe5 Ra2+ 38. Kd3 Kg7 39. Nd7 Bxf2 40. Rb4 Kf7 41. Nxb6 Ra3+ 42. Ke2 Bxb6 43. Rxb6 Rxa4 44. Kf3 Kf6 45. Rb3 Ra1 46. Rb5 Ra3+ 47. Kf2 g5 48. Rc5 Ke7 49. Rb5 Kd6 50. h4 gxh4 51. Rh5 Ra2+ 52. Kf3 Ra3+ 53. Kf2 Ra2+ 54. Kf3 Ra3+ 55. Kf2 e5 56. Rxh6+ Kc5 57. Rxh4 Kd4 58. g3 1/2-1/2

[Event "Mallorca-chT Preferente"]
[Site "Palma de Mallorca"]
[Date "2012.02.25"]
[Round "4.5"]
[White "Lechado Artigues, Pedro"]
[Black "Tyomkin, Dimitri"]
[Result "0-1"]
[WhiteElo "2166"]
[BlackElo "2498"]
[PlyCount "74"]
[EventDate "2012.01.28"]
[EventType "team"]
[EventRounds "9"]
[EventCountry "ESP"]
[SourceTitle "EXT 2014"]
[Source "ChessBase"]
[SourceDate "2013.11.20"]
[SourceVersion "1"]
[SourceVersionDate "2013.11.20"]
[SourceQuality "1"]
[WhiteTeam "La Balanguera"]
[BlackTeam "Sa Dragonera"]
[WhiteTeamCountry "ESP"]
[BlackTeamCountry "ESP"]

1. e4 c5 2. Nf3 Nc6 3. d4 cxd4 4. Nxd4 Nf6 5. Nc3 d6 6. Bg5 e6 7. Nxc6 bxc6 8. f4 Be7 9. Be2 d5 10. e5 Nd7 11. Bxe7 Qxe7 12. 0-0 Rb8 13. Rb1 0-0 14. Qe1 f6 15. Qg3 fxe5 16. fxe5 Rxf1+ 17. Rxf1 Nf8 18. b3 Bd7 19. Nd1 Qc5+ 20. Ne3 Be8 21. Kh1 Rb7 22. h4 Rf7 23. Rxf7 Bxf7 24. h5 Qc3 25. h6 Ng6 26. Qg5 Qa1+ 27. Kh2 Qxe5+ 28. Qxe5 Nxe5 29. hxg7 Kxg7 30. Kg3 Kf6 31. c3 Bg6 32. Kf4 c5 33. a3 d4 34. cxd4 cxd4 35. Nc4 Nxc4 36. Bxc4 e5+ 37. Kf3 Bf7 0-1

[Event "ISR-chT"]
[Site "Israel"]
[Date "2010.02.05"]
[Round "3.2"]
[White "Tyomkin, Dimitri"]
[Black "Jirka, Jiri"]
[Result "0-1"]
[WhiteElo "2497"]
[BlackElo "2398"]
[PlyCount "88"]
[EventDate "2010.01.29"]
[EventType "team"]
[EventRounds "11"]
[EventCountry "ISR"]
[SourceTitle "EXT 2011"]
[Source "ChessBase"]
[SourceDate "2010.11.26"]
[SourceVersion "1"]
[SourceVersionDate "2010.11.26"]
[SourceQuality "1"]
[WhiteTeam "Ashdod II"]
[BlackTeam "Porat Mathematics"]
[WhiteTeamCountry "ISR"]
[BlackTeamCountry "ISR"]

1. d4 d5 2. Nf3 Nf6 3. Bg5 Ne4 4. Bf4 c5 5. e3 Nc6 6. c3 Qb6 7. Qb3 c4 8. Qc2 Bf5 9. Qc1 f6 10. Nbd2 g5 11. Bg3 h5 12. h3 Nxg3 13. fxg3 e6 14. Be2 Bd6 15. Kf2 Qc7 16. Nf1 0-0-0 17. b3 Na5 18. N3d2 Kb8 19. bxc4 dxc4 20. Qb2 e5 21. Rd1 exd4 22. exd4 Rde8 23. Qb5 Bd7 24. Qb1 f5 25. Bf3 g4 26. hxg4 fxg4 27. Be4 Bxg3+ 28. Nxg3 Qf4+ 29. Nf3 h4 30. Ne2 g3+ 31. Ke1 Rxe4 32. Rd2 h3 33. Qb4 Rhe8 34. Kd1 hxg2 35. Nxf4 gxh1Q+ 36. Kc2 Bf5 37. Kb2 Rxf4 38. Qd6+ Ka8 39. Qxf4 Qb1+ 40. Ka3 Qc1+ 41. Kb4 Nc6+ 42. Kxc4 Na5+ 43. Kb4 Qb1+ 44. Kxa5 Re6 0-1

[Event "Sant Jordi Masters 2nd"]
[Site "Sant Jordi"]
[Date "2008.05.30"]
[Round "6"]
[White "Tyomkin, Dimitri"]
[Black "Castellanos Rodriguez, Renier"]
[Result "1/2-1/2"]
[WhiteElo "2503"]
[BlackElo "2471"]
[PlyCount "38"]
[EventDate "2008.05.29"]
[EventType "tourn (rapid)"]
[EventRounds "6"]
[EventCountry "ESP"]
[EventCategory "8"]
[SourceTitle "CBM 124 Extra"]
[Source "ChessBase"]
[SourceDate "2008.07.03"]
[SourceVersion "1"]
[SourceVersionDate "2008.07.03"]
[SourceQuality "1"]

1. d4 Nf6 2. Nf3 g6 3. Bg5 Bg7 4. Nbd2 d5 5. e3 0-0 6. c3 c6 7. Be2 Bg4 8. 0-0 Nbd7 9. h3 Bxf3 10. Nxf3 Re8 11. Bf4 Ne4 12. Bd3 e5 13. dxe5 Nxe5 14. Nxe5 Bxe5 15. Bxe5 Rxe5 16. Bxe4 Rxe4 17. Qb3 Qb6 18. Qxb6 axb6 19. a3 b5 1/2-1/2

[Event "EU-Cup 21st"]
[Site "Saint Vincent"]
[Date "2005.09.20"]
[Round "3.6"]
[White "Kharlov, Andrei"]
[Black "Tyomkin, Dimitri"]
[Result "1-0"]
[WhiteElo "2619"]
[BlackElo "2467"]
[PlyCount "101"]
[EventDate "2005.09.18"]
[EventType "team-swiss"]
[EventRounds "7"]
[EventCountry "ITA"]
[SourceTitle "CBM 110"]
[Source "ChessBase"]
[SourceDate "2006.01.31"]
[SourceVersion "1"]
[SourceVersionDate "2006.01.31"]
[SourceQuality "1"]
[WhiteTeam "Kazan Ladya"]
[BlackTeam "Ashdod"]
[WhiteTeamCountry "RUS"]
[BlackTeamCountry "ISR"]

1. e4 c5 2. f4 d5 3. exd5 Nf6 4. Bb5+ Bd7 5. Bxd7+ Qxd7 6. c4 e6 7. dxe6 Qxe6+ 8. Qe2 Nc6 9. Qxe6+ fxe6 10. Na3 Nb4 11. Nh3 Nd3+ 12. Ke2 0-0-0 13. Nc2 e5 14. fxe5 Nxe5 15. b3 Bd6 16. Bb2 Rhe8 17. Ne3 Nfg4 18. g3 Nxe3 19. dxe3 Ng4 20. Kf3 Nxe3 21. Rhe1 Nf5 22. Rxe8 Rxe8 23. Rd1 Rf8 24. Ke4 g6 25. Rd5 Kd7 26. Ng5 h6 27. Nf3 Ke6 28. Be5 Be7 29. g4 Nd6+ 30. Ke3 Nf7 31. Bf4 Rd8 32. Ne5 Nxe5 33. Rxe5+ Kf6 34. Rd5 Re8 35. Kf3 g5 36. Be3 Ke6 37. Bxc5 Rf8+ 38. Ke3 Rf4 39. Bxe7 Kxe7 40. h3 Rf1 41. Rb5 b6 42. c5 bxc5 43. Rxc5 Rh1 44. Ra5 Rxh3+ 45. Ke4 Kd6 46. Rxa7 Kc5 47. Rb7 Rh2 48. a4 Rf2 49. a5 Rf4+ 50. Ke5 Rxg4 51. a6 1-0

[Event "EU-Cup 21st"]
[Site "Saint Vincent"]
[Date "2005.09.18"]
[Round "1.6"]
[White "Tyomkin, Dimitri"]
[Black "Yildiz Kadioglu, Betul Cemre"]
[Result "1-0"]
[WhiteElo "2467"]
[BlackElo "2155"]
[PlyCount "74"]
[EventDate "2005.09.18"]
[EventType "team-swiss"]
[EventRounds "7"]
[EventCountry "ITA"]
[SourceTitle "CBM 110"]
[Source "ChessBase"]
[SourceDate "2006.01.31"]
[SourceVersion "1"]
[SourceVersionDate "2006.01.31"]
[SourceQuality "1"]
[WhiteTeam "Ashdod"]
[BlackTeam "Marmaris"]
[WhiteTeamCountry "ISR"]
[BlackTeamCountry "TUR"]

1. e4 d5 2. exd5 Qxd5 3. Nc3 Qa5 4. d4 Nf6 5. Nf3 Bf5 6. Bc4 c6 7. Bd2 e6 8. Nd5 Qd8 9. Nxf6+ Qxf6 10. Qe2 Bg4 11. d5 Bxf3 12. gxf3 cxd5 13. Bxd5 Nc6 14. Bxc6+ bxc6 15. Qe4 Rc8 16. 0-0-0 Bc5 17. Rhg1 Qd4 18. Bc3 Qxe4 19. fxe4 Bxf2 20. Rxg7 Ke7 21. Rf1 Be3+ 22. Kb1 Rhf8 23. Rxh7 c5 24. Bg7 Rg8 25. Rf3 Rcd8 26. a3 Bg5 27. Ka2 Ke8 28. Bc3 Rd7 29. Rg3 Rg6 30. Rh8+ Ke7 31. Rh5 Bf4 32. Rf3 Rg5 33. Rh6 Be5 34. Rh7 Ke8 35. h4 Rg3 36. Rxg3 Bxg3 37. Bf6 Rd6 1-0

[Event "Montreal 6th"]
[Site "Montreal"]
[Date "2005.08.06"]
[Round "4"]
[White "Kogan, Artur"]
[Black "Tyomkin, Dimitri"]
[Result "1/2-1/2"]
[WhiteElo "2580"]
[BlackElo "2467"]
[PlyCount "86"]
[EventDate "2005.08.03"]
[EventType "tourn"]
[EventRounds "11"]
[EventCountry "CAN"]
[EventCategory "12"]
[SourceTitle "CBM 109"]
[Source "ChessBase"]
[SourceDate "2005.11.14"]
[SourceVersion "1"]
[SourceVersionDate "2005.11.14"]
[SourceQuality "1"]

1. e4 c5 2. Nf3 d6 3. Nc3 Nc6 4. d4 cxd4 5. Nxd4 Nf6 6. Bc4 Qb6 7. Nde2 e6 8. 0-0 Be7 9. Ng3 a6 10. Bb3 Qc7 11. Nh5 Nxh5 12. Qxh5 Qa5 13. Qg4 Bf6 14. Qg3 0-0 15. Bd2 Nd4 16. Rae1 Qh5 17. Qd3 b5 18. Re3 Bb7 19. Rh3 Qg6 20. Rg3 Qh5 21. Bg5 Bxg5 22. Qxd4 Qh6 23. Rh3 Qf6 24. Qxd6 Bf4 25. Qb6 Rab8 26. Rd1 Rfc8 27. Rdd3 Bc6 28. Qd4 Qxd4 29. Rxd4 a5 30. a3 Be5 31. Rd1 a4 32. Ba2 b4 33. axb4 Rxb4 34. b3 Bxe4 35. Nxe4 Rxe4 36. bxa4 Rxa4 37. Bb3 Ra1 38. Rxa1 Bxa1 39. Rd3 Bf6 40. f4 Rd8 41. Rxd8+ Bxd8 42. Kf2 Kf8 43. Ke3 Ke7 1/2-1/2

[Event "Montreal 6th"]
[Site "Montreal"]
[Date "2005.08.05"]
[Round "3"]
[White "Tyomkin, Dimitri"]
[Black "Nataf, Igor Alexandre"]
[Result "1/2-1/2"]
[WhiteElo "2467"]
[BlackElo "2583"]
[PlyCount "50"]
[EventDate "2005.08.03"]
[EventType "tourn"]
[EventRounds "11"]
[EventCountry "CAN"]
[EventCategory "12"]
[SourceTitle "CBM 109"]
[Source "ChessBase"]
[SourceDate "2005.11.14"]
[SourceVersion "1"]
[SourceVersionDate "2005.11.14"]
[SourceQuality "1"]

1. d4 Nf6 2. Nf3 g6 3. Bg5 Bg7 4. Nbd2 0-0 5. c3 d6 6. e4 h6 7. Bh4 c5 8. d5 e6 9. dxe6 Bxe6 10. Bc4 Bxc4 11. Bxf6 Qxf6 12. Nxc4 Qe7 13. 0-0 Qxe4 14. Nxd6 Qc6 15. Nc4 Qc7 16. Qd6 Qxd6 17. Nxd6 b6 18. Rfd1 Nc6 19. Rd5 Rfd8 20. Rad1 Kf8 21. Kf1 Rd7 22. Nc4 Rxd5 23. Rxd5 Ke7 24. a4 Rd8 25. Rxd8 Kxd8 1/2-1/2

[Event "Canadian op"]
[Site "Edmonton"]
[Date "2005.07.10"]
[Round "3"]
[White "Tyomkin, Dimitri"]
[Black "Davies, Lucas"]
[Result "1-0"]
[WhiteElo "2549"]
[BlackElo "2165"]
[PlyCount "61"]
[EventDate "2005.07.09"]
[EventType "swiss"]
[EventRounds "10"]
[EventCountry "CAN"]
[SourceTitle "CBM 107 Extra"]
[Source "ChessBase"]
[SourceDate "2005.09.01"]
[SourceVersion "1"]
[SourceVersionDate "2005.09.01"]
[SourceQuality "1"]

1. e4 c6 2. d4 d5 3. e5 Bf5 4. Be3 e6 5. Nd2 Qb6 6. Nb3 Nd7 7. Be2 Rc8 8. Nf3 Bg4 9. 0-0 Ne7 10. c4 Qc7 11. Rc1 dxc4 12. Bxc4 Nb6 13. Be2 Ned5 14. Ng5 Bxe2 15. Qxe2 Be7 16. Ne4 0-0 17. Bd2 Nd7 18. Rfe1 Qb8 19. Qg4 Kh8 20. Bg5 b6 21. Bxe7 Nxe7 22. Ng5 Nf5 23. Qe4 h6 24. g4 hxg5 25. gxf5 c5 26. Rc3 Rfe8 27. Qg4 cxd4 28. Rh3+ Kg8 29. Qh5 f6 30. Nxd4 Nxe5 31. Nxe6 1-0

[Event "Givataim Ettinger"]
[Site "Givataim"]
[Date "2005.03.30"]
[Round "9"]
[White "Tyomkin, Dimitri"]
[Black "Lerner, Konstantin Z"]
[Result "1/2-1/2"]
[WhiteElo "2512"]
[BlackElo "2523"]
[PlyCount "45"]
[EventDate "2005.03.20"]
[EventType "tourn"]
[EventRounds "9"]
[EventCountry "ISR"]
[EventCategory "6"]
[SourceTitle "CBM 105 Extra"]
[Source "ChessBase"]
[SourceDate "2005.05.01"]
[SourceVersion "1"]
[SourceVersionDate "2005.05.01"]
[SourceQuality "1"]

1. d4 Nf6 2. Nf3 e6 3. Bg5 d5 4. e3 c5 5. c3 Nbd7 6. Nbd2 b6 7. Bd3 Bb7 8. 0-0 Be7 9. Qe2 Qc7 10. Bf4 Bd6 11. Bxd6 Qxd6 12. Rab1 0-0 13. Rfe1 Rfe8 14. Bb5 Bc6 15. Bxc6 Qxc6 16. Ne5 Qa4 17. Ndf3 Nxe5 18. Nxe5 Rec8 19. b3 Qe8 20. Rbc1 Ne4 21. c4 f6 22. Nd3 dxc4 23. bxc4 1/2-1/2

[Event "Givataim Ettinger"]
[Site "Givataim"]
[Date "2005.03.29"]
[Round "8"]
[White "Bykhovsky, Avigdor"]
[Black "Tyomkin, Dimitri"]
[Result "1/2-1/2"]
[WhiteElo "2451"]
[BlackElo "2512"]
[PlyCount "89"]
[EventDate "2005.03.20"]
[EventType "tourn"]
[EventRounds "9"]
[EventCountry "ISR"]
[EventCategory "6"]
[SourceTitle "CBM 105 Extra"]
[Source "ChessBase"]
[SourceDate "2005.05.01"]
[SourceVersion "1"]
[SourceVersionDate "2005.05.01"]
[SourceQuality "1"]

1. d4 Nf6 2. c4 g6 3. Nc3 d5 4. cxd5 Nxd5 5. Na4 e5 6. dxe5 Nc6 7. Nf3 Ndb4 8. Bg5 Qxd1+ 9. Kxd1 Be6 10. Nc3 Bg7 11. a3 Nd5 12. e4 Nxc3+ 13. bxc3 Nxe5 14. Nxe5 Bxe5 15. Kc2 h6 16. Be3 0-0-0 17. f4 Bd6 18. Bd3 f6 19. Rhe1 Rhe8 20. f5 gxf5 21. exf5 Bd5 22. g3 c5 23. c4 Bf3 24. a4 Be5 25. Rab1 Bc6 26. Bxc5 Bxa4+ 27. Kd2 Rd7 28. Re3 b6 29. Bb4 Red8 30. Ke2 Bc6 31. c5 Bd4 32. Re6 Bd5 33. cxb6 axb6 34. Rc1+ Kb8 35. Bb5 Rg7 36. Rd6 Rxd6 37. Bxd6+ Kb7 38. Kd3 Bf2 39. Rc2 Bg1 40. Re2 Rg5 41. Bf4 Rxf5 42. Bxh6 Bf3 43. Re7+ Kc8 44. Re8+ Kb7 45. Re7+ 1/2-1/2

[Event "Givataim Ettinger"]
[Site "Givataim"]
[Date "2005.03.23"]
[Round "4"]
[White "Kaplan, Sasha"]
[Black "Tyomkin, Dimitri"]
[Result "1/2-1/2"]
[WhiteElo "2346"]
[BlackElo "2512"]
[PlyCount "34"]
[EventDate "2005.03.20"]
[EventType "tourn"]
[EventRounds "9"]
[EventCountry "ISR"]
[EventCategory "6"]
[SourceTitle "CBM 105 Extra"]
[Source "ChessBase"]
[SourceDate "2005.05.01"]
[SourceVersion "1"]
[SourceVersionDate "2005.05.01"]
[SourceQuality "1"]

1. e4 c5 2. Nf3 Nc6 3. d4 cxd4 4. Nxd4 Nf6 5. Nc3 d6 6. Bg5 e6 7. Qd2 a6 8. 0-0-0 Bd7 9. f4 h6 10. Bh4 Nxe4 11. Nxe4 Qxh4 12. Nf3 Qe7 13. Nxd6+ Qxd6 14. Qxd6 Bxd6 15. Rxd6 Ke7 16. Rd2 Rhd8 17. a3 Be8 1/2-1/2

[Event "Ashdod op"]
[Site "Ashdod"]
[Date "2004.12.13"]
[Round "6"]
[White "Gerzhoy, Leonid"]
[Black "Tyomkin, Dimitri"]
[Result "0-1"]
[WhiteElo "2372"]
[BlackElo "2505"]
[PlyCount "90"]
[EventDate "2004.12.09"]
[EventType "swiss"]
[EventRounds "9"]
[EventCountry "ISR"]
[SourceTitle "CBM 103 Extra"]
[Source "ChessBase"]
[SourceDate "2005.01.01"]
[SourceVersion "1"]
[SourceVersionDate "2005.01.01"]
[SourceQuality "1"]

1. d4 Nf6 2. c4 g6 3. Nc3 d5 4. Nf3 Bg7 5. cxd5 Nxd5 6. e4 Nxc3 7. bxc3 c5 8. Rb1 0-0 9. Be2 Nc6 10. d5 Ne5 11. Nxe5 Bxe5 12. Qd2 e6 13. f4 Bc7 14. 0-0 exd5 15. exd5 Ba5 16. d6 Rb8 17. Ba3 Bf5 18. Rbd1 Rc8 19. g4 Bd7 20. f5 gxf5 21. g5 c4 22. Bf3 Re8 23. Kh1 b5 24. Rfe1 Re6 25. Rxe6 fxe6 26. Rg1 Bb6 27. Rg3 Qf8 28. g6 h6 29. Rh3 f4 30. Be4 Qf6 31. Rf3 Be3 32. Qc2 Qe5 33. Rf1 Rf8 34. Bb4 Rf6 35. Qg2 Kg7 36. Qf3 Bb6 37. h4 a5 38. Ba3 Be3 39. Bc6 Bxc6 40. Qxc6 Qf5 41. Qf3 e5 42. Rd1 e4 43. Qg2 f3 44. Qh2 f2 45. Rf1 Rxg6 0-1

[Event "Olympiad-36"]
[Site "Mallorca"]
[Date "2004.10.25"]
[Round "10"]
[White "Nedev, Trajce"]
[Black "Tyomkin, Dimitri"]
[Result "1/2-1/2"]
[WhiteElo "2528"]
[BlackElo "2505"]
[PlyCount "32"]
[EventDate "2004.10.15"]
[EventType "team-swiss"]
[EventRounds "14"]
[EventCountry "ESP"]
[SourceTitle "CBM 104"]
[Source "ChessBase"]
[SourceDate "2005.01.27"]
[SourceVersion "1"]
[SourceVersionDate "2005.01.27"]
[SourceQuality "1"]
[WhiteTeam "Macedonia"]
[BlackTeam "Canada"]
[WhiteTeamCountry "MKD"]
[BlackTeamCountry "CAN"]

1. e4 c5 2. Nf3 d6 3. d4 cxd4 4. Nxd4 Nf6 5. Nc3 Nc6 6. Bg5 e6 7. Qd2 a6 8. 0-0-0 Bd7 9. f3 Be7 10. Kb1 Qc7 11. h4 h6 12. Be3 h5 13. Bg5 Ne5 14. Qe1 b5 15. Nce2 Rb8 16. Ng3 a5 1/2-1/2